Statistics for Every Europa League Goalscorer (2022/23)

Click here to take the quiz!

General Stats

  • This quiz has been taken 5 times
  • The average score is 44 of 232

Answer Stats

Answer% Correct
Alejandro Garnacho
100%
Antony
100%
Bruno Fernandes
100%
Bukayo Saka
100%
Diogo Dalot
100%
Eddie Nketiah
100%
Enner Valencia
100%
Fred
100%
Granit Xhaka
100%
Jadon Sancho
100%
Marcel Sabitzer
100%
Marcus Rashford
100%
Paulo Dybala
100%
Scott McTominay
100%
Anthony Martial
80%
Cristiano Ronaldo
80%
David Silva
80%
Fábio Silva
80%
Fábio Vieira
80%
Kieran Tierney
80%
Lorenzo Pellegrini
80%
Nabil Fekir
80%
Sergej Milinković-Savić
80%
Tammy Abraham
80%
William Saliba
80%
Wout Weghorst
80%
Abel Ruiz
60%
Alexander Sørloth
60%
Andrea Belotti
60%
Ciro Immobile
60%
Cody Gakpo
60%
João Pedro
60%
Leonardo Spinazzola
60%
Mohammed Kudus
60%
Moussa Diaby
60%
Pedro
60%
Wissam Ben Yedder
60%
Emiliano Martínez
40%
Emre Mor
40%
Felipe Anderson
40%
Florian Wirtz
40%
Jeremie Frimpong
40%
Joaquín
40%
Kevin Volland
40%
Marek Hamšík
40%
Marquinhos
40%
Michy Batshuayi
40%
Mitchel Bakker
40%
Ricardo Horta
40%
Robert Lewandowski
40%
Rob Holding
40%
Santiago Giménez
40%
Sergio Canales
40%
Sheraldo Becker
40%
Xavi Simons
40%
Adam Hložek
20%
Adrien Rabiot
20%
Alireza Jahanbakhsh
20%
Amine Adli
20%
Ángel Di María
20%
Ayoze Pérez
20%
Breel Embolo
20%
Bruno Felipe
20%
Dušan Vlahović
20%
Edmond Tapsoba
20%
Edoardo Bove
20%
Exequiel Palacios
20%
Federico Chiesa
20%
Guido Rodríguez
20%
Gustavo Henrique
20%
Ibrahim Sangaré
20%
Josip Juranović
20%
Lovro Majer
20%
Lucas Ocampos
20%
Luis Alberto
20%
Luiz Henrique
20%
Matías Vecino
20%
Maxi Gómez
20%
Michael Gregoritsch
20%
Mouhamed Diop
20%
Nicolas Höfler
20%
Orkun Kökçü
20%
Raphinha
20%
Sebastian Szymański
20%
Stephan El Shaarawy
20%
Vincenzo Grifo
20%
Willian José
20%
Youssef En-Nesyri
20%
Abdellah Zoubir
0%
Adama Traoré
0%
Ádám Gyurcsó
0%
Aitor Ruibal
0%
Albert Grønbæk
0%
Aleksandar Katai
0%
Aleksandar Pešić
0%
Álvaro Djaló
0%
Amahl Pellegrino
0%
Amine Gouiri
0%
Anastasios Bakasetas
0%
Ander Guevara
0%
Anders Dreyer
0%
Antonio Marchesano
0%
Anwar El Ghazi
0%
Arda Güler
0%
Aritz Elustondo
0%
Artem Bondarenko
0%
Arthur Theate
0%
Axel Disasi
0%
Bálint Vécsei
0%
Brais Méndez
0%
Bruno Rodrigues
0%
Casper Terho
0%
Cauly
0%
Christian Burgess
0%
Christopher Wooh
0%
Daniel-Kofi Kyereh
0%
Danilho Doekhi
0%
Danilo
0%
Dante Vanzeir
0%
Dávid Hancko
0%
Denny Gropper
0%
Denys Harmash
0%
Désiré Doué
0%
Diego Rico
0%
Dmytro Kryskiv
0%
Donis Avdijaj
0%
Eldor Shomurodov
0%
Emam Ashour
0%
Emanuel Emegha
0%
Enis Bardhi
0%
Érick Gutiérrez
0%
Erik Lamela
0%
Erik Sviatchenko
0%
Evander
0%
Evann Guessand
0%
Ezequiel Bullaude
0%
Federico Gatti
0%
Filip Ozobić
0%
Gonçalo Inácio
0%
Guélor Kanga
0%
Gustaf Nilsson
0%
Gustav Isaksen
0%
Hugo Vetlesen
0%
Ibrahim Salah
0%
Ignatius Ganago
0%
Igor Paixão
0%
İrfan Kahveci
0%
Isaac Kiese Thelin
0%
Ivan Trichkovski
0%
Iyayi Atiemwen
0%
Jean Thierry Lazare
0%
Jeong Woo-yeong
0%
Joan Jordán
0%
Joey Veerman
0%
Johan Bakayoko
0%
Jonathan Okita
0%
Joseph Ceesay
0%
Juninho
0%
Karim Ansarifard
0%
Karl Toko Ekambi
0%
Kerem Demirbay
0%
Kevin Kelsy
0%
Kiril Despodov
0%
Krépin Diatta
0%
Kristoffer Zachariassen
0%
Loïc Badé
0%
Loïc Lapoussin
0%
Lorenz Assignon
0%
Ludovic Blas
0%
Lukas Kübler
0%
Luuk de Jong
0%
Marash Kumbulla
0%
Marcos Alonso
0%
Marcus Edwards
0%
Marko Janković
0%
Marko Vešović
0%
Martin Terrier
0%
Matías Tissera
0%
Mats Wieffer
0%
Matthis Abline
0%
Miha Zajc
0%
Mirlind Kryeziu
0%
Mostafa Mohamed
0%
Nemanja Gudelj
0%
Nicolás Capaldo
0%
Nicolò Zaniolo
0%
Nikola Boranijašević
0%
Nikolas Panayiotou
0%
Nils Petersen
0%
Nino Žugelj
0%
Nonato
0%
Oier Sanjurjo
0%
Omri Altman
0%
Otar Kiteishvili
0%
Oussama Idrissi
0%
Owusu Kwabena
0%
Patriot Sejdiu
0%
Paulinho
0%
Paulo Oliveira
0%
Pedro Gonçalves
0%
Përparim Hetemaj
0%
Quinten Timber
0%
Rafael Lopes
0%
Ramil Sheydayev
0%
Rasheed Akanbi
0%
Rick
0%
Ritsu Dōan
0%
Robert Navarro
0%
Robin Knoche
0%
Samy Mmaee
0%
Sebastián Coates
0%
Senne Lynen
0%
Sory Kaba
0%
Stefan Mitrović
0%
Suso
0%
Sven Michel
0%
Teddy Teuma
0%
Tokmac Nguen
0%
Trézéguet
0%
Umut Bozok
0%
Veljko Nikolić
0%
Victor Boniface
0%
Viktor Tsyhankov
0%
Vitinha
0%
Vitor Hugo
0%
Vladyslav Vanat
0%
William Bøving
0%
Willian Arão
0%
Yaroslav Rakitskyi
0%
Yorbe Vertessen
0%
Youssef El-Arabi
0%

Score Distribution

Percentile by Number Answered

Percent of People with Each Score

Your Score History

You have not taken this quiz